[Event "Mestre Ragazzini Memorial 2nd"]
[Site "Mestre"]
[Date "2011.05.21"]
[Round "3"]
[White "Simone, Raffaele"]
[Black "Luisetto, Alessandro"]
[Result "0-1"]
[WhiteElo "1440"]
[BlackElo "1838"]
[PlyCount "45"]
[EventDate "2011.05.20"]
[EventType "swiss"]
[EventRounds "5"]
[EventCountry "ITA"]
[SourceTitle "EXT 2022"]
[Source "ChessBase"]
[SourceDate "2021.10.06"]
[SourceVersion "1"]
[SourceVersionDate "2021.10.06"]
[SourceQuality "1"]

1. e4 c6 2. Nc3 d5 3. d4 dxe4 4. Nxe4 Nd7 5. f3 Ngf6 6. Be3 e6 7. c3 Nxe4 8. fxe4 Qh4+ 9. Bf2 Qxe4+ 10. Ne2 Nf6 11. Qb1 Qd5 12. Bg3 Bd6 13. Bxd6 Qxd6 14. Qd3 0-0 15. 0-0-0 Nd5 16. g3 a5 17. c4 Nb4 18. Qb3 e5 19. c5 Qh6+ 20. Kb1 Be6 21. Qa3 Bf5+ 22. Ka1 Nc2+ 23. Kb1 0-1

[Event "Mestre Ragazzini Memorial 2nd"]
[Site "Mestre"]
[Date "2011.05.20"]
[Round "1"]
[White "Tonolo, Maurizio"]
[Black "Simone, Raffaele"]
[Result "1-0"]
[WhiteElo "1788"]
[BlackElo "1440"]
[PlyCount "69"]
[EventDate "2011.05.20"]
[EventType "swiss"]
[EventRounds "5"]
[EventCountry "ITA"]
[SourceTitle "EXT 2022"]
[Source "ChessBase"]
[SourceDate "2021.10.06"]
[SourceVersion "1"]
[SourceVersionDate "2021.10.06"]
[SourceQuality "1"]

1. d4 d5 2. Nf3 Nf6 3. e3 Nc6 4. Bd3 e6 5. c3 Be7 6. Nbd2 0-0 7. 0-0 Bd7 8. Qe2 Bd6 9. e4 dxe4 10. Nxe4 Nxe4 11. Bxe4 Qe7 12. Re1 f5 13. Bxc6 bxc6 14. Bg5 Qf7 15. Ne5 Bxe5 16. Qxe5 Be8 17. Qxe6 Qxe6 18. Rxe6 h6 19. Bf4 Rf7 20. Rae1 Rb8 21. Rxe8+ Rxe8 22. Rxe8+ Kh7 23. Rc8 g5 24. Rxc7 Rxc7 25. Bxc7 h5 26. f4 Kg6 27. c4 h4 28. d5 cxd5 29. cxd5 Kh5 30. d6 gxf4 31. d7 Kg4 32. d8Q h3 33. Qg8+ Kh5 34. Bd8 f3 35. Qg5# 1-0